[Event "Troisdorf op"]
[Site "Troisdorf"]
[Date "2014.11.25"]
[Round "6"]
[White "Sommer, Herbert"]
[Black "Koschmieder, Josef"]
[Result "1-0"]
[WhiteElo "1541"]
[BlackElo "1331"]
[PlyCount "53"]
[EventDate "2014.10.21"]
[EventType "swiss"]
[EventRounds "7"]
[EventCountry "GER"]
[SourceTitle "EXT 2016"]
[Source "ChessBase"]
[SourceDate "2015.10.08"]
[SourceVersion "1"]
[SourceVersionDate "2015.10.08"]
[SourceQuality "1"]

1. d4 Nf6 2. c4 d5 3. cxd5 Nxd5 4. e4 Nf6 5. Nc3 g6 6. Nf3 Bg7 7. Be2 0-0 8. 0-0 b6 9. Qc2 Bb7 10. h3 Nc6 11. e5 Nd5 12. a3 Nxc3 13. bxc3 Rc8 14. Bf4 Nb8 15. Rad1 Qd5 16. c4 Qe4 17. Qd2 Rfd8 18. d5 Qf5 19. Nd4 Qd7 20. Bg4 e6 21. dxe6 Qe7 22. exf7+ Kh8 23. Bxc8 Bxc8 24. Bg5 Rxd4 25. Qxd4 Qxg5 26. Qd8+ Qxd8 27. Rxd8+ 1-0

[Event "Troisdorf op"]
[Site "Troisdorf"]
[Date "2014.11.18"]
[Round "5"]
[White "Koschmieder, Josef"]
[Black "Reiter, Ute"]
[Result "1-0"]
[WhiteElo "1331"]
[BlackElo "1115"]
[PlyCount "79"]
[EventDate "2014.10.21"]
[EventType "swiss"]
[EventRounds "7"]
[EventCountry "GER"]
[SourceTitle "EXT 2016"]
[Source "ChessBase"]
[SourceDate "2015.10.08"]
[SourceVersion "1"]
[SourceVersionDate "2015.10.08"]
[SourceQuality "1"]

1. c4 c5 2. b3 Nc6 3. Bb2 Nf6 4. g3 b6 5. Bg2 Bb7 6. Nf3 d6 7. Nc3 e6 8. 0-0 Be7 9. d3 Qc7 10. Qd2 0-0-0 11. d4 cxd4 12. Nxd4 Nxd4 13. Bxb7+ Qxb7 14. Qxd4 e5 15. Qd2 h5 16. Nd5 Ne4 17. Qd3 Ng5 18. Qf5+ Kb8 19. Nxe7 Qxe7 20. h4 g6 21. Qxg5 f6 22. Qxg6 Rdg8 23. Qf5 Rh6 24. Rad1 Rhg6 25. Ba3 Qb7 26. Bxd6+ Ka8 27. Rd5 Qg7 28. Rd3 Qb7 29. Rd5 Qg7 30. Rd3 Qb7 31. Re3 Rg4 32. Qxf6 Rxh4 33. Qxh4 Qd7 34. Bxe5 Qf5 35. Rd1 Rf8 36. Rd8+ Kb7 37. Rxf8 Qxf8 38. Qxh5 Qa3 39. Qf7+ Kc6 40. Qc7# 1-0

[Event "Troisdorf op"]
[Site "Troisdorf"]
[Date "2014.10.28"]
[Round "2"]
[White "Heinen, Markus"]
[Black "Koschmieder, Josef"]
[Result "1-0"]
[WhiteElo "1595"]
[BlackElo "1331"]
[PlyCount "69"]
[EventDate "2014.10.21"]
[EventType "swiss"]
[EventRounds "7"]
[EventCountry "GER"]
[SourceTitle "EXT 2016"]
[Source "ChessBase"]
[SourceDate "2015.10.08"]
[SourceVersion "1"]
[SourceVersionDate "2015.10.08"]
[SourceQuality "1"]

1. Nf3 c5 2. e4 d6 3. Bc4 g6 4. 0-0 Bg7 5. Nc3 Nf6 6. d3 0-0 7. h3 Nc6 8. Be3 a6 9. a3 Bd7 10. Qd2 e6 11. Rab1 b5 12. Bb3 Rb8 13. Rfd1 Qe7 14. Ne2 Rfd8 15. Ng3 a5 16. c4 a4 17. cxb5 Rxb5 18. Bxa4 Rb6 19. d4 cxd4 20. Nxd4 Nxd4 21. Bxd4 Rb7 22. Bxd7 Qxd7 23. Bc3 Ne8 24. Bxg7 Kxg7 25. Qc3+ Kg8 26. Rdc1 Rdb8 27. b4 Rc7 28. Qb2 Rxc1+ 29. Rxc1 Ra8 30. Qb3 Qb5 31. Ra1 Nc7 32. Rc1 Qd7 33. Ne2 Kf8 34. Nc3 Kg8 35. b5 1-0

[Event "Troisdorf op"]
[Site "Troisdorf"]
[Date "2013.11.19"]
[Round "5"]
[White "Koschmieder, Josef"]
[Black "Karwatzki, Hans Juergen"]
[Result "0-1"]
[WhiteElo "1361"]
[BlackElo "1706"]
[PlyCount "52"]
[EventDate "2013.10.22"]
[EventType "swiss"]
[EventRounds "7"]
[EventCountry "GER"]
[SourceTitle "EXT 2016"]
[Source "ChessBase"]
[SourceDate "2015.10.08"]
[SourceVersion "1"]
[SourceVersionDate "2015.10.08"]
[SourceQuality "1"]

1. d4 Nf6 2. c4 e5 3. dxe5 Ng4 4. Nf3 Nc6 5. Bg5 Be7 6. Bf4 Bc5 7. e3 f6 8. exf6 Qxf6 9. Nc3 Nxf2 10. Kxf2 Qxf4 11. Nd5 Qh6 12. Qd2 Rf8 13. a3 Nd4 14. Rd1 Qh4+ 15. Kg1 Nxf3+ 16. gxf3 Rxf3 17. Bg2 Qg5 18. Re1 Bb6 19. b4 c6 20. c5 cxd5 21. cxb6 axb6 22. Qc1 d6 23. Re2 Bh3 24. Qe1 Rxa3 25. e4 Rae3 26. exd5 Qxg2+ 0-1

[Event "Troisdorf op"]
[Site "Troisdorf"]
[Date "2013.10.29"]
[Round "2"]
[White "Stuch, Hans Ferdinand"]
[Black "Koschmieder, Josef"]
[Result "1-0"]
[WhiteElo "1902"]
[BlackElo "1361"]
[PlyCount "117"]
[EventDate "2013.10.22"]
[EventType "swiss"]
[EventRounds "7"]
[EventCountry "GER"]
[SourceTitle "EXT 2016"]
[Source "ChessBase"]
[SourceDate "2015.10.08"]
[SourceVersion "1"]
[SourceVersionDate "2015.10.08"]
[SourceQuality "1"]

1. d4 Nf6 2. Nf3 g6 3. c4 Bg7 4. Nc3 0-0 5. e4 d6 6. Be2 Bg4 7. 0-0 Nbd7 8. Be3 Re8 9. h3 Bxf3 10. Bxf3 c5 11. Qe2 b6 12. Rac1 cxd4 13. Bxd4 Nc5 14. Rfd1 Nfd7 15. Bxg7 Kxg7 16. Bg4 Rb8 17. Bxd7 Qxd7 18. e5 Nb7 19. exd6 Nxd6 20. Nb5 a6 21. Nxd6 exd6 22. Qd3 Red8 23. b3 Qc7 24. Qd4+ Kg8 25. Re1 Rd7 26. Rcd1 Rbd8 27. Re3 a5 28. Rde1 Qb8 29. Qf6 Qc8 30. Re7 Rf8 31. Qd4 Qd8 32. Rxd7 Qxd7 33. Qxb6 Ra8 34. Rd1 a4 35. Rxd6 Qf5 36. Rd8+ Rxd8 37. Qxd8+ Kg7 38. Qd4+ Kg8 39. Qb2 axb3 40. axb3 Qd3 41. c5 Qd1+ 42. Kh2 Qd5 43. Qc3 Qc6 44. Qc4 Qc7+ 45. g3 h5 46. b4 Qe7 47. Qd4 Qe1 48. Kg2 Qe8 49. Qd5 Qb5 50. Qe4 f5 51. Qe6+ Kg7 52. Qb6 Qd3 53. c6 Qd5+ 54. Kh2 Qe5 55. Qb7+ Kh6 56. c7 h4 57. c8Q hxg3+ 58. fxg3 Qe2+ 59. Qg2 1-0

[Event "Troisdorf op"]
[Site "Troisdorf"]
[Date "2011.11.22"]
[Round "5"]
[White "Koschmieder, Josef"]
[Black "Froitzheim, Ralf"]
[Result "0-1"]
[WhiteElo "1322"]
[BlackElo "1759"]
[PlyCount "88"]
[EventDate "2011.10.25"]
[EventType "swiss"]
[EventRounds "7"]
[EventCountry "GER"]
[SourceTitle "EXT 2013"]
[Source "ChessBase"]
[SourceDate "2012.11.22"]
[SourceVersion "1"]
[SourceVersionDate "2012.11.22"]
[SourceQuality "1"]

1. d4 Nf6 2. c4 g6 3. Nc3 d5 4. e3 Bg7 5. Nf3 0-0 6. Bd3 c5 7. 0-0 cxd4 8. Nxd4 e5 9. Nde2 Nc6 10. cxd5 Nxd5 11. Nxd5 Qxd5 12. Qc2 Nb4 13. Qc4 Qxd3 14. Qxb4 Qxe2 15. Re1 Qa6 16. Bd2 Be6 17. a3 Rac8 18. Bc3 Rfd8 19. h3 Rd7 20. Qe4 Qd3 21. Qf3 e4 22. Qe2 Qxe2 23. Rxe2 Bxc3 24. bxc3 Rxc3 25. a4 Rdd3 26. Rb2 Rb3 27. Rc2 Ra3 28. Rb1 b6 29. Rb4 Bd5 30. Rc7 a5 31. Rxb6 Rxa4 32. Rd6 Be6 33. Ra6 Ra1+ 34. Kh2 Rd2 35. Kg3 Raa2 36. Ra8+ Kg7 37. Re8 Kf6 38. Kf4 Rxf2+ 39. Kxe4 Bf5+ 40. Kd5 Rfd2+ 41. Kc6 Rac2+ 42. Kb6 Rd6+ 43. Kb7 Rb2+ 44. Ka7 Bd3 0-1

[Event "Troisdorf op"]
[Site "Troisdorf"]
[Date "2009.11.24"]
[Round "5"]
[White "Koschmieder, Josef"]
[Black "Schlueter, Juergen"]
[Result "1/2-1/2"]
[WhiteElo "1419"]
[BlackElo "1391"]
[PlyCount "47"]
[EventDate "2009.10.27"]
[EventType "swiss"]
[EventRounds "7"]
[EventCountry "GER"]
[SourceTitle "EXT 2011"]
[Source "ChessBase"]
[SourceDate "2010.11.26"]
[SourceVersion "1"]
[SourceVersionDate "2010.11.26"]
[SourceQuality "1"]

1. d4 g6 2. c4 Bg7 3. Nf3 Nf6 4. Nc3 d5 5. e3 0-0 6. b3 c6 7. Bb2 Bg4 8. h3 Bf5 9. Be2 Nbd7 10. 0-0 Qc7 11. cxd5 Nxd5 12. Nxd5 cxd5 13. Rc1 Qb8 14. Ba3 Re8 15. Bd3 Bxd3 16. Qxd3 e5 17. dxe5 Nxe5 18. Nxe5 Qxe5 19. Rfd1 Rad8 20. Rc2 Qh5 21. Rdc1 d4 22. exd4 Bxd4 23. Qf1 Re5 24. Bb2 1/2-1/2

[Event "Troisdorf op"]
[Site "Troisdorf"]
[Date "2008.10.21"]
[Round "2"]
[White "Koschmieder, Josef"]
[Black "Karwatzki, Hans Juergen"]
[Result "1/2-1/2"]
[WhiteElo "1385"]
[BlackElo "1690"]
[PlyCount "89"]
[EventDate "2008.10.14"]
[EventType "swiss"]
[EventRounds "7"]
[EventCountry "GER"]
[SourceTitle "EXT 2011"]
[Source "ChessBase"]
[SourceDate "2010.11.26"]
[SourceVersion "1"]
[SourceVersionDate "2010.11.26"]
[SourceQuality "1"]

1. e4 e5 2. Nf3 Nc6 3. Bb5 Nf6 4. Nc3 Bc5 5. 0-0 0-0 6. h3 d6 7. a3 a6 8. Bxc6 bxc6 9. d3 Nh5 10. Kh1 Nf4 11. Qe1 Qf6 12. Bxf4 Qxf4 13. Ne2 Qf6 14. Nh2 h5 15. b4 Ba7 16. Rb1 g5 17. Ng3 g4 18. hxg4 hxg4 19. Qd2 Kh7 20. Qe2 Rg8 21. f3 Qh4 22. Qe1 gxf3 23. Rxf3 Rg4 24. Nf5 Qxe1+ 25. Rxe1 Bxf5 26. Rxf5 Rf4 27. Rf1 Rxf1+ 28. Nxf1 Kg6 29. c3 Rh8+ 30. Nh2 Be3 31. g3 Bc1 32. Rf2 d5 33. a4 d4 34. c4 Be3 35. Rf3 Bd2 36. b5 axb5 37. axb5 cxb5 38. cxb5 Rb8 39. Ng4 Rxb5 40. Kg2 Bb4 41. Kh3 Bd6 42. Kh4 Rb1 43. Kh3 Rh1+ 44. Kg2 Rd1 45. Kh3 1/2-1/2

[Event "Troisdorf op"]
[Site "Troisdorf"]
[Date "2008.10.14"]
[Round "1"]
[White "Budzyn, Marcus"]
[Black "Koschmieder, Josef"]
[Result "1-0"]
[WhiteElo "1826"]
[BlackElo "1385"]
[PlyCount "73"]
[EventDate "2008.10.14"]
[EventType "swiss"]
[EventRounds "7"]
[EventCountry "GER"]
[SourceTitle "EXT 2011"]
[Source "ChessBase"]
[SourceDate "2010.11.26"]
[SourceVersion "1"]
[SourceVersionDate "2010.11.26"]
[SourceQuality "1"]

1. Nf3 Nc6 2. d4 d5 3. c4 Bg4 4. e3 e6 5. Nc3 Nf6 6. Be2 h6 7. 0-0 Be7 8. Qb3 Rb8 9. a3 0-0 10. Qc2 Bf5 11. Bd3 Bxd3 12. Qxd3 dxc4 13. Qxc4 a6 14. b4 Qd7 15. e4 Rfd8 16. Rd1 Qe8 17. h3 Rd7 18. Be3 Rbd8 19. d5 exd5 20. exd5 Nb8 21. Ne5 Rd6 22. Bc5 b5 23. Qb3 Nbd7 24. Bxd6 Bxd6 25. Nc6 Rc8 26. Re1 Qf8 27. Re2 Nb8 28. Nd4 Nbd7 29. Rae1 Nb6 30. Nc6 Nbd7 31. Qc2 Nb8 32. Nd4 Nbd7 33. Nf5 Ne8 34. Ne4 Be5 35. Nc5 Nxc5 36. Rxe5 Nd7 37. Ne7+ 1-0

[Event "Troisdorf op"]
[Site "Troisdorf"]
[Date "2007.11.06"]
[Round "3"]
[White "Koschmieder, Josef"]
[Black "Reiter, Ute"]
[Result "1/2-1/2"]
[WhiteElo "1446"]
[BlackElo "1119"]
[PlyCount "73"]
[EventDate "2007.10.16"]
[EventType "swiss"]
[EventRounds "5"]
[EventCountry "GER"]
[SourceTitle "EXT 2011"]
[Source "ChessBase"]
[SourceDate "2010.11.26"]
[SourceVersion "1"]
[SourceVersionDate "2010.11.26"]
[SourceQuality "1"]

1. e4 e5 2. Nf3 Nc6 3. Bb5 d6 4. h3 Bd7 5. a3 Nf6 6. Nc3 Be7 7. 0-0 a6 8. Ba4 h6 9. d3 g5 10. Nh2 Qc8 11. f3 Nh5 12. Qe1 Nf4 13. Ne2 h5 14. c3 g4 15. Nxf4 exf4 16. Bxf4 gxh3 17. g3 Rg8 18. Kh1 Be6 19. Bxc6+ bxc6 20. Rd1 c5 21. c4 Qb7 22. Rd2 d5 23. cxd5 Bd7 24. Qc1 Bg5 25. Bxg5 Rxg5 26. Qe1 0-0-0 27. Rg1 Rdg8 28. Qf2 Qb6 29. Nf1 Qd6 30. Qe1 h4 31. g4 Qf4 32. Nh2 Kd8 33. Re2 Bb5 34. Rd2 Kd7 35. b3 Kd6 36. a4 Bd7 37. Qf2 1/2-1/2

[Event "Troisdorf op"]
[Site "Troisdorf"]
[Date "2005.11.29"]
[Round "6.23"]
[White "Ruetten, Ingmar"]
[Black "Koschmieder, Josef"]
[Result "1/2-1/2"]
[WhiteElo "1751"]
[BlackElo "1561"]
[PlyCount "130"]
[EventDate "2005.10.18"]
[EventType "swiss"]
[EventRounds "7"]
[EventCountry "GER"]
[SourceTitle "EXT 2006"]
[Source "ChessBase"]
[SourceDate "2005.11.24"]
[SourceVersion "1"]
[SourceVersionDate "2005.11.24"]
[SourceQuality "1"]

1. d4 d5 2. c4 e6 3. Nc3 Nf6 4. Bg5 Be7 5. e3 Nbd7 6. Nf3 b6 7. Rc1 Bb7 8. Bd3 dxc4 9. Bxc4 0-0 10. 0-0 c5 11. Qe2 h6 12. Bh4 Ne4 13. Bxe7 Qxe7 14. Rfd1 Rac8 15. dxc5 Rxc5 16. Nxe4 Bxe4 17. Nd4 Rfc8 18. Nb3 R5c7 19. f3 Bb7 20. Qd2 Qg5 21. Be2 Qe7 22. Rxc7 Rxc7 23. Bb5 Nf6 24. Qd8+ Qxd8 25. Rxd8+ Kh7 26. Bd3+ g6 27. Kf2 Kg7 28. Ke2 Nd5 29. Kd2 Nb4 30. a3 Nxd3 31. Rxd3 Kf6 32. Nd4 Ba6 33. Rc3 Rxc3 34. Kxc3 Bb7 35. Kb4 a6 36. a4 Ke7 37. Nb3 Kd6 38. Nd2 Kc6 39. Nc4 a5+ 40. Kc3 f6 41. e4 Ba6 42. e5 f5 43. f4 Kc5 44. Nd6 Bf1 45. g3 Bg2 46. Nf7 Bc6 47. b3 h5 48. Ng5 Bd7 49. Nh7 Be8 50. Nf8 Bf7 51. Nd7+ Kc6 52. Nf6 Kc5 53. h3 b5 54. Nh7 Be8 55. Nf8 Bf7 56. Nd7+ Kc6 57. Nf6 Kc5 58. Nh7 Be8 59. Nf8 Bf7 60. Nd7+ Kc6 61. Nf6 Kc5 62. h4 bxa4 63. bxa4 Kc6 64. Kc4 Kb6 65. Nd7+ Kc6 1/2-1/2